Central Library OPAC University of Rajshahi

Caste and democracy / (Record no. 41755)

MARC details
000 -LEADER
fixed length control field 00714nam a2200241 a 4500
001 - CONTROL NUMBER
control field 41755
003 - CONTROL NUMBER IDENTIFIER
rucl marc code BD-RjUL
005 - DATE AND TIME OF LATEST TRANSACTION
control field 20211209053438.0
008 - FIXED-LENGTH DATA ELEMENTS--GENERAL INFORMATION
fixed length control field 160605s1933 enk 000 0 eng
035 ## - SYSTEM CONTROL NUMBER
System control number (BD-RjUL)41873
040 ## - CATALOGING SOURCE
Original cataloging agency DLC
Transcribing agency CarP
Modifying agency DLC
-- BD-RjUL
Language of cataloging eng
041 ## - LANGUAGE CODE
Language code of text/sound track or separate title eng
082 ## - DEWEY DECIMAL CLASSIFICATION NUMBER
Edition number 23
Classification number 305.5122
Author mark and year PAC 1933
100 1# - MAIN ENTRY--PERSONAL NAME
Personal name Panikkar, K. M. (Kavalam Madhava)
9 (RLIN) 128270
245 10 - TITLE STATEMENT
Title Caste and democracy /
Statement of responsibility, etc. Panikkar, K. M. (Kavalam Madhava)
260 ## - PUBLICATION, DISTRIBUTION, ETC. (IMPRINT)
Place of publication, distribution, etc. London :
Name of publisher, distributor, etc. Leonard and Virginia Woolf
Date of publication, distribution, etc. 1933.
300 ## - PHYSICAL DESCRIPTION
Pagination 39 p. ;
Size 18 cm.
650 #0 - SUBJECT ADDED ENTRY--TOPICAL TERM
Topical term or geographic name as entry element Caste
Geographic subdivision India.
9 (RLIN) 128271
Topical term or geographic name as entry element Democracy.
9 (RLIN) 128272
651 #0 - SUBJECT ADDED ENTRY--GEOGRAPHIC NAME
Geographic name India
General subdivision Social conditions.
9 (RLIN) 128273
942 ## - ADDED ENTRY ELEMENTS (KOHA)
Source of classification or shelving scheme Dewey Decimal Classification
Koha item type Rare Books
Holdings
Lost status Source of classification or shelving scheme Damaged status Not for loan Collection code Permanent Location Current Location Shelving location Date acquired Source of acquisition Cost, normal purchase price Total Checkouts Full call number Date last seen Copy number Koha item type
  Dewey Decimal Classification   Not For Loan Rare Books Central Library, University of Rajshahi Central Library, University of Rajshahi Rare Book Section 10/02/1962 Dr. A. I. Quraishi 1.00   RA 305.5122 PAC 1933 05/06/2016 C-1 Rare Books